000 01126nam0a22002771 4500
001 rc\2338287
005 20250623080736.0
035 _a(NLR Aleph) 006678475
090 _a5057474
_c5057474
100 _a20110829d1977 |||y0rusy50 ca
101 0 _arus
102 _aRU
105 _ay z |||||
200 1 _aКонтроль и обеспечение достоверности информации в АСУ
_fА.Н. Сухов, канд. техн. наук
210 _aМосква
_cЗнание
_d1977
215 _a64 с.
_d17
225 1 _aНовое в жизни, науке, технике
_iСерия "Наука управления"
_v№ 8
606 _aАвтоматизированные системы планирования и управления предприятием
_xИнформационное обеспечение
_2psbo
700 1 _aСухов
_bА.Н.
_gАлександр Николаевич
801 0 _aRU
_bNLR
_gpsbo
801 1 _aRU
_bELAR
_2rusmarc
852 _aNLR
_j77-2/3342
899 _aRuMoRGB
_jБр 180/370
899 _aRuMoRGB
_jБр 191/228
942 _cBOOK
980 _aNB